|
|
|
|
| LEADER |
01197nam a2200289 a 4500 |
| 001 |
6361 |
| 003 |
BD-DhAAL |
| 005 |
20150602152359.0 |
| 008 |
150602s1992 enk b 001 0 eng |
| 010 |
|
|
|a 92155416
|
| 020 |
|
|
|a 0304325236
|
| 040 |
|
|
|a DLC
|c DLC
|d DLC
|d BD-DhAAL
|
| 050 |
0 |
0 |
|a LC5261
|b .R64 1992
|
| 082 |
0 |
0 |
|a 374/.9172/4
|2 20
|
| 100 |
1 |
|
|a Rogers, Alan,
|d 1933-
|9 11637
|
| 245 |
1 |
0 |
|a Adults learning for development /
|c Alan Rogers.
|
| 260 |
|
|
|a London ;
|a New York :
|b Cassell Educational,
|c 1992.
|
| 300 |
|
|
|a vi, 248 p. ;
|c 25 cm.
|
| 504 |
|
|
|a Includes bibliographical references (p. [241]-245) and index.
|
| 541 |
|
|
|e 6361
|
| 650 |
|
0 |
|a Adult education
|x Social aspects
|z Developing countries.
|9 11638
|
| 650 |
|
0 |
|a Adult education
|x Economic aspects
|z Developing countries.
|9 11639
|
| 650 |
|
0 |
|a Popular education
|z Developing countries.
|9 11640
|
| 942 |
|
|
|2 ddc
|c BK
|
| 999 |
|
|
|c 34596
|d 34596
|
| 952 |
|
|
|0 0
|1 0
|2 ddc
|4 0
|6 374_917240000000000_ROG
|7 0
|9 54029
|a SCL
|b SCL
|c GEN
|d 2015-06-02
|l 0
|o 374.91724 ROG
|p 3020006361
|r 2015-06-02
|t 1
|w 2015-06-02
|y BK
|
| 952 |
|
|
|0 0
|1 0
|2 ddc
|4 0
|6 374_917240000000000_ROG
|7 0
|9 54346
|a SCL
|b SCL
|c GEN
|d 2015-06-16
|l 0
|o 374.91724 ROG
|p 3020006359
|r 2015-06-16
|t 2
|w 2015-06-16
|y BK
|